| 000 | 01187nam a22002297a 4500 | ||
|---|---|---|---|
| 999 |
_c57185 _d57185 |
||
| 003 | Ge_BSU | ||
| 005 | 20191224125641.0 | ||
| 008 | 191224s2009 ge ||||| |||| 00| 0 geo d | ||
| 020 | _a9789994089116 | ||
| 041 | _ageo | ||
| 080 | _a821.353.1.09-13 ხ-56 | ||
| 100 |
_aხინთიბიძე, ელგუჯა. _95947 |
||
| 245 |
_aვეფხისტყაოსნის იდეურ-მსოფლმხედველობითი სამყარო = The world view of Rustaveli's Vepkhistqaosani ("The man in the panther's skin") : _b [მონოგრაფია] / _cელგუჯა ხინთიბიძე. |
||
| 264 |
_aთბილისი : _bქართველოლოგი, _c2009. |
||
| 300 |
_a863გვ. ; _c 24 სმ. |
||
| 500 | _aსაძიებლები: გვ. 836-856. | ||
| 504 | _aბიბლიოგრ.: გვ. 793-835. | ||
| 520 | _aრეზ. ინგლ | ||
| 653 | _aქართული პოემის ისტორია და კრიტიკა | ||
| 653 | _aრუსთაველი შოთა და მისი "ვეფხისტყაოსანი" | ||
| 942 |
_2udc _cBK |
||